000 00278nam a2200121Ia 4500
008 191201s2014 xx 000 0 und d
100 _aKUROSE, James F
245 0 _aComputer Networking
260 _aN. Delhi
_bPearson
_c2014
300 _a888
650 _aMCA
942 _2ddc
_cBK
999 _c6089
_d6089